000 00997nac a22003017a 4500
001 BR9403291
003 BR-BrBNA
005 20240105121521.0
008 230509b bl.|||m| |||| 00| 0 por d
040 _aBR-BrBNA
_bpor
_cBiblioteca Nacional de Agricultura
072 _aE11; E16
090 _aE11 BR9403291
100 1 _aPalheta, I.G. de V.
110 1 _aUniversidade de Sao Paulo, Sao Paulo (Brasil). Inst. de Geografia
_910547
245 1 _aO uso da terra em Taua-Vigia, no Estado do Para
260 3 _aSao Paulo, SP (Brasil):
_c1982.
300 _a167 p.
490 _aTeses e Monografias - Universidade de Sao Paulo. Inst. de Geografia (Brazil)
_vno. 39
_x
500 _aBibliography p. 151-158 (139 ref.); 61 tables
502 _aTese (Mestrado)
650 _aUso da Terra
650 _aPimenta do Reino
650 _aEstatistica de Producao
650 _aCusto de Producao
650 _aPara
909 _a202312
_bLúcia Elande
_c55
_dLúcia Elande
942 _2AGRIS
_n0
_cMS
999 _c285758
_d285758